| 000 | 01115nam a2200301 a 4500 | ||
|---|---|---|---|
| 001 | 000111606 | ||
| 003 | CHAP | ||
| 005 | 20220329144221.0 | ||
| 008 | 150619s2015 mx a fsm |||||||spa d | ||
| 010 | _a108067 | ||
| 011 | _a109039 | ||
| 040 | _cCHAP | ||
| 090 | _aTesis | ||
| 100 | 1 |
_aZárate Sánchez, Karla Adriana _9129515 |
|
| 245 | 1 | 0 |
_aConsumo de agua potable para uso doméstico en San Miguel Tlaixpan, municipio de Texcoco, Estado de México _h[En línea] _cpor Karla Adriana Zárate Sánchez. |
| 260 |
_aChapingo, Méx. : _bEl autor, _c2015. |
||
| 500 | _aPara ver el contenido del material haga clic en la liga | ||
| 502 | _aTesis (Ing. en Restauración Forestal) -- UACH. División de Ciencias Forestales | ||
| 590 |
_aE6096MTM _b05 _c20150619 _lUCH01 _h1114 |
||
| 590 |
_aE6096MTM _b05 _c20150619 _lUCH01 _h1121 |
||
| 650 | 1 | 4 |
_aAgua potable _xAbastecimiento. _92443 |
| 650 | 1 | 4 |
_aAgua potable _xMéxico (Edo.) _92449 |
| 650 | 1 | 4 |
_aAgua potable _xUtilización. _92452 |
| 856 |
_aFinding aid _uhttp://10.13.5.2/tesis/sist111606.pdf _zTeclea aquí |
||
| 901 | _aBK | ||
| 942 | _cTESIS | ||
| 942 | _n0 | ||
| 999 |
_c108067 _d108067 |
||